000 00291nam a22001337a 4500
008 171106b xxu||||| |||| 00| 0 eng d
020 _a9780136072973
041 _aeng
080 _28 ED
_a330.722.6
100 _a61
101 _aKON
245 _aACCOUTING
_cOLIVER.H.H
942 _2udc
_cBK
999 _c37756
_d37756